गुडिया का घर / (Record no. 117409)

MARC details
000 -LEADER
fixed length control field 01087nam a22002657a 4500
005 - DATE AND TIME OF LATEST TRANSACTION
control field 20170124103055.0
010 ## - LIBRARY OF CONGRESS CONTROL NUMBER
LC control number B-037171
020 ## - INTERNATIONAL STANDARD BOOK NUMBER
Terms of availability 85.00
International Standard Book Number 8126305398
035 ## - SYSTEM CONTROL NUMBER
System control number B-037171
037 ## - SOURCE OF ACQUISITION
Source of stock number/acquisition Cen Lib/Ret
040 ## - CATALOGING SOURCE
Original cataloging agency DPL
Language of cataloging HN
082 ## - DEWEY DECIMAL CLASSIFICATION NUMBER
Classification number
Item number जीलानी
100 ## - MAIN ENTRY--PERSONAL NAME
Personal name जीलानी बानो
9 (RLIN) 71784
245 ## - TITLE STATEMENT
Title गुडिया का घर /
Statement of responsibility, etc जीलानी बानो; अनुवादक सुरजीत
246 ## - VARYING FORM OF TITLE
Title proper/short title Gudiya ka ghar /
Remainder of title by Jilani Bano; anuvadak Surjit
260 ## - PUBLICATION, DISTRIBUTION, ETC. (IMPRINT)
Place of publication, distribution, etc नयी दिल्ली
Name of publisher, distributor, etc भारतीय ज्ञानपीठ
Date of publication, distribution, etc 2000
270 ## - ADDRESS
Address 18, इंस्टीट्युशनल एरिया, लोधी रोड
City नयी दिल्ली
Postal code 110003
300 ## - PHYSICAL DESCRIPTION
Extent 132पृ.
Dimensions 21सेमी (सजिल्द)
650 ## - SUBJECT ADDED ENTRY--TOPICAL TERM
Topical term or geographic name as entry element उर्दू साहित्य
9 (RLIN) 71785
650 ## - SUBJECT ADDED ENTRY--TOPICAL TERM
Topical term or geographic name as entry element उपन्यास
9 (RLIN) 71786
650 ## - SUBJECT ADDED ENTRY--TOPICAL TERM
Topical term or geographic name as entry element Urdu literature
9 (RLIN) 71787
650 ## - SUBJECT ADDED ENTRY--TOPICAL TERM
Topical term or geographic name as entry element Fiction
9 (RLIN) 8901
700 ## - ADDED ENTRY--PERSONAL NAME
Personal name सुरजीत
9 (RLIN) 500
942 ## - ADDED ENTRY ELEMENTS (KOHA)
Source of classification or shelving scheme Dewey Decimal Classification
Koha item type Hindi Books
Classification part
Call number suffix जीलानी
Holdings
Withdrawn status Lost status Damaged status Not for loan Home library Current library Date acquired Source of acquisition Cost, normal purchase price Total Checkouts Full call number Barcode Date last seen Copy number Cost, replacement price Price effective from Koha item type Public note Source of classification or shelving scheme Collection code
Written off       Central Library Central Library 27/08/2015 Cen Lib/Ret 85.00   उ जीलानी B-037171 27/08/2015 1 85.00 27/08/2015 Hindi Books Written off on approval by DLB (By Circulation); dtd 15-06-2023    
        Sarojini Nagar Sarojini Nagar 18/10/2021       उ जीलानी B-037204 18/10/2021   85.00 18/10/2021 Hindi Books   Dewey Decimal Classification Fiction

© Delhi Public Library
Hit Counter
free hit counter